| 000 | 00418nmm a2200145Ia 4500 | ||
|---|---|---|---|
| 008 | 251105s9999||||xx |||||||||||||||||und|| | ||
| 041 | _aspa | ||
| 100 | _aSantos, Care | ||
| 245 | 0 |
_aSapere Aude : _b Serie Eblus III |
|
| 264 |
_a[Madrid, España] : _bEdiciones B, _c2016 |
||
| 300 | _a224 páginas | ||
| 650 | _aTeen & Young Adult Fiction | ||
| 856 | _uhttps://public.digitaliapublishing.com/a/53730 | ||
| 942 | _cCF | ||
| 999 |
_c105806 _d105806 |
||